000 00677nam a22001817a 4500
003 UA-OsUOA
001 14806
007 ta
008 20031019b un ||||| |||| 00| 0 ukr d
100 _aНабережний Р.
942 _cSA
040 _aUA-OsUOA
_cUA-OsUOA
_dUA-OsUOA
245 _aЗа волю України: [Про сотника УПА Р.Кернтопфа (псевд. "Вихор"), уродженця с.Берестовець Костопіл. р-ну]
300 _aС.5
955 _a0
773 0 _w0
_tВісті Рівненщини
_dРівне
_d2003
_g№63/30 лип./
650 7 _aКернтопф Р. (псевдо "Вихор")
_2UDC
999 _c300970
_d300970